000 00281nam a2200121Ia 4500
100 _aSchrader Bellows
942 _cRB
654 _aProduct Manual
245 _aProduct Manual For Fluid Power Product
260 _bSchrader Duncan Ltd.
_aBombay
546 _aENGLISH
999 _c18084
_d18084